Obálka Náhled e-knihy:
PDF Epub
Pro půjčování e-knih musíte být přihlášeni.
Jak si půjčit online?

Temný anděl /

Poutník Jan se jako písař účastní koncilů, na nichž se jedná o spojení západní a východní křesťanské církve a o obraně Byzance před osmanským nebezpečím. Zprvu nezkušený mladík toužící jen po knihách poznává velký svět, zákulisí jednání, při nichž pravda bývá často vystrčena za dveře. Setkává se s m...

Celý popis

Uloženo v:
Hlavní autor: Waltari, Mika (Autor)
Médium: E-kniha
Jazyk:Czech
Vydáno: Praha : Albatros Media a.s., 2026
Tagy:
Žádné tagy
LEADER 01558nam a22002297i 4500
001 297572
007 ta
008 260414s2026 xr ||||| |||| 00| 0 cze d
020 |a 9788026734055 
044 |a xr 
100 1 |a  Waltari, Mika  |4 aut 
245 1 0 |a Temný anděl /  |c  Waltari, Mika 
240 1 0 |a Nuori Johannes 
264 1 |a Praha :  |b Albatros Media a.s.,  |c 2026 
300 |a 1 online zdroj (376 stran) 
336 |a text  |b txt  |2 rdacontent 
337 |a bez média  |b n  |2 rdamedia 
338 |a online zdroj  |b cr  |2 rdacarrier 
520 2 |a Poutník Jan se jako písař účastní koncilů, na nichž se jedná o spojení západní a východní křesťanské církve a o obraně Byzance před osmanským nebezpečím. Zprvu nezkušený mladík toužící jen po knihách poznává velký svět, zákulisí jednání, při nichž pravda bývá často vystrčena za dveře. Setkává se s muži, kteří změnili tvář světa – filozof Mikuláš Kusánský, i z českých dějin známý básník Aeneas Silvius Piccolomini či turecký sultán Mehmed Dobyvatel – a krásné a vznešené ženy mu ochotně otevírají náruč… 
910 |a RBIT002 
998 |d 426181  |a https://core.palmknihy.cz/api/books/426181/cover?tderkk  |b https://core.palmknihy.cz/api/books/426181/cover/400?tderkk  |c https://core.palmknihy.cz/api/books/426181/cover/50?tderkk  |e 2030-04-11  |g 376  |i 9788026734055  |j https://core.palmknihy.cz/api/books/426181/preview.epub  |k https://core.palmknihy.cz/api/books/426181/preview.pdf  |l   |q 49  |r 1  |s https://www.palmknihy.cz/kniha/426181  |t ebook  |y 2026  |z 1 
999 |d 297570